Zodiac Creators - Statistics

General Stats
  • This quiz has been taken 2 times
  • The average score is 12 of 20
Answer Stats
Answer % Correct
Bianox
100%
Enlex
100%
Pennutoh
100%
RicoLP
100%
Samifying
100%
Shocksidian
100%
TMNGaming
100%
YakobNugget
100%
Dudex
50%
Failure444
50%
Juhou
50%
LeocreatorX
50%
Marwec
50%
Rustam
50%
SlimJim
50%
DreamEater
0%
Onnikonna
0%
Osiris
0%
TheTactiq
0%
Uneskladovae
0%
No matching quizzes found
Score Distribution
Percent of People with Each Score
Percentile by Number Answered
Your Score History
You have not taken this quiz